000 00273nam a2200109Ia 4500
008 190914s9999||||xx |||||||||||||| ||und||
100 _aRaghbendra Jha
245 0 _aMacroeconomics for Developing Countries
260 _aNew York
_bAddison
_c1999
300 _a433
942 _cBK
999 _c8938
_d8938